86 Most Remote First Level Capitals - Statistics

General Stats
  • This quiz has been taken 53 times
  • The average score is 29 of 86
Answers on the Map
Answers color-coded by a green-red scale on the quiz's map according to % correct below.
 
Answer Stats
Capital % Correct
Austin
86%
Cape Town
86%
Perth
86%
Reykjavik
86%
Salt Lake City
86%
Adelaide
81%
Brisbane
81%
Honolulu
79%
Melbourne
79%
Boise
76%
Karachi
76%
Juneau
74%
Manaus
74%
Oklahoma City
74%
Victoria
74%
Helena
71%
Hobart
71%
Santa Fe
71%
Darwin
69%
Urumqi
67%
Murmansk
64%
Stanley
52%
Arkhangelsk
50%
Suva
50%
Hamilton
43%
Yakutsk
43%
Edinburgh of the Seven Seas
40%
Xi'an
40%
Chihuahua
38%
Fortaleza
38%
Hyderabad
38%
Longyearbyen
38%
Magadan
38%
Naha
38%
Papeete
36%
Petropavlovsk-Kamchatskiy
36%
Georgetown
33%
Ngerulmud
31%
Saint-Pierre
31%
Adamstown
29%
Jamestown
26%
Majuro
26%
Ponta Delgada
26%
Tarawa
26%
Kingston
24%
Nuku`alofa
24%
Palmas
24%
Anadyr
21%
Avarua
21%
Funafuti
21%
Funchal
21%
Yuzhno-Sakhalinsk
21%
Banda Aceh
19%
Port Blair
19%
Flying Fish Cove
17%
Weno
17%
Tamanrasset
14%
Ambon
12%
Cuiaba
12%
Hermosillo
12%
Porto Velho
12%
Waitangi
12%
Adrar
10%
Bhopal
10%
Chita
10%
Colonia
10%
Alofi
7%
Dongola
7%
Hadibu
7%
Tofol
7%
Blagoveshchensk
5%
Kavaratti
5%
Manokwari
5%
Nar'yan-Mar
5%
Salekhard
5%
Toliara
5%
Khanty-Mansiysk
2%
Panaji
2%
Puerto Baquerizo Moreno
2%
Qaqortoq
2%
Santa Rosa
2%
Al Kufrah
0%
Antsiranana
0%
Bardai
0%
Coyhaique
0%
Raipur
0%
No matching quizzes found
Score Distribution
Percent of People with Each Score
Percentile by Number Answered
Your Score History
You have not taken this quiz